[Event "Wch FRA"]
[Site "Vichy"]
[Date "2000.08.16"]
[Round "1"]
[White "Leconte, Maria"]
[Black "Costagliola, Marina"]
[Result "0-1"]
[WhiteElo "2289"]
[BlackElo "2236"]
[PlyCount "86"]
[EventDate "2000.09.??"]

1. e4 c5 2. Nf3 Nc6 3. d4 cxd4 4. Nxd4 e5 5. Nb5 d6 6. c4 Be7 7. N1c3 a6 8. Na3
f5 9. Bd3 fxe4 10. Nxe4 Nf6 11. O-O O-O 12. Nc2 Be6 13. Ng5 Bg4 14. f3 Bd7 15.
Kh1 Rc8 16. Qe1 b5 17. a4 bxc4 18. Bxc4+ d5 19. Bxa6 Rc7 20. Bd3 h6 21. Nh3
Bxh3 22. gxh3 e4 23. Be2 Bd6 24. Be3 Qb8 25. Nd4 Re8 26. Nxc6 Rxc6 27. Bb5 Rc2
28. Rf2 Rec8 29. Qg1 Be5 30. f4 Bxb2 31. Rb1 Rxf2 32. Qxf2 Bc3 33. Qa2 Qa8 34.
Bb6 Kh8 35. Rd1 d4 36. Qg2 Qb7 37. Rg1 Nh5 38. Qg4 e3+ 39. Rg2 Bd2 40. Be2 Rc1+
41. Bd1 Rxd1+ 42. Qxd1 Nxf4 43. Qg4 e2 0-1

[Event "Wch FRA"]
[Site "Vichy"]
[Date "2000.08.16"]
[Round "1"]
[White "Muller, Anne"]
[Black "Roumegous, Marina"]
[Result "1/2-1/2"]
[WhiteElo "2135"]
[BlackElo "2211"]
[PlyCount "43"]
[EventDate "2000.09.??"]

1. e4 c6 2. d4 d5 3. exd5 cxd5 4. c4 Nf6 5. Nc3 e6 6. Nf3 Bb4 7. cxd5 Nxd5 8.
Bd2 Nc6 9. Bd3 Be7 10. O-O Ndb4 11. Be2 O-O 12. Be3 b6 13. Rc1 Bb7 14. a3 Nd5
15. Bd3 Nxc3 16. Rxc3 Bf6 17. Be4 Na5 18. Bxb7 Nxb7 19. Ne5 Nd6 20. Ng4 Nb5 21.
Rb3 Nc7 22. Bf4 1/2-1/2

[Event "Wch FRA"]
[Site "Vichy"]
[Date "2000.08.16"]
[Round "1"]
[White "Flear, Christine"]
[Black "Marchadour, Claire"]
[Result "1/2-1/2"]
[WhiteElo "2230"]
[BlackElo "2126"]
[PlyCount "37"]
[EventDate "2000.09.??"]

1. d4 Nf6 2. c4 c5 3. d5 b5 4. cxb5 a6 5. bxa6 Bxa6 6. Nc3 d6 7. e4 Bxf1 8.
Kxf1 g6 9. g3 Bg7 10. Kg2 Nbd7 11. Nf3 O-O 12. Re1 Ra7 13. Nb5 Rb7 14. a4 Ne8
15. Qe2 Nc7 16. Na3 Qa8 17. Nc4 Nb6 18. Nxb6 Rxb6 19. Ra2 1/2-1/2

[Event "Wch FRA"]
[Site "Vichy"]
[Date "2000.08.16"]
[Round "1"]
[White "Dubois, Martine"]
[Black "Bonnafous, Nathalie"]
[Result "1/2-1/2"]
[WhiteElo "2084"]
[BlackElo "2035"]
[PlyCount "43"]
[EventDate "2000.09.??"]

1. e4 g6 2. d4 Bg7 3. Nf3 d6 4. Bd3 Nd7 5. O-O e5 6. c3 Ne7 7. Re1 O-O 8. Be3
c6 9. a4 Qc7 10. dxe5 dxe5 11. Nbd2 b6 12. b4 Nf6 13. a5 Rb8 14. axb6 axb6 15.
Nc4 Ng4 16. Bc1 b5 17. Ne3 Rd8 18. Nxg4 Bxg4 19. h3 Be6 20. Qe2 h6 21. Be3 Rb7
22. Bc5 1/2-1/2

[Event "Wch FRA"]
[Site "Vichy"]
[Date "2000.08.17"]
[Round "2"]
[White "Costagliola, Marina"]
[Black "Dubois, Martine"]
[Result "1-0"]
[WhiteElo "2236"]
[BlackElo "2084"]
[PlyCount "53"]
[EventDate "2000.09.??"]

1. e4 Nf6 2. e5 Nd5 3. d4 d6 4. Nf3 Bg4 5. Be2 c6 6. O-O e6 7. Re1 Bxf3 8. Bxf3
dxe5 9. dxe5 Nd7 10. Qe2 Qc7 11. a3 g6 12. c4 Ne7 13. Nc3 Bg7 14. Bf4 g5 15.
Bxg5 Bxe5 16. Bh5 Ng6 17. g3 Rg8 18. Rad1 Ndf8 19. Ne4 f5 20. Nc5 Qf7 21. Nxb7
Qxb7 22. Qxe5 Rg7 23. Qxf5 Qxb2 24. Bf6 Rf7 25. Rxe6+ Nxe6 26. Qxe6+ Kf8 27.
Bxb2 1-0

[Event "Wch FRA"]
[Site "Vichy"]
[Date "2000.08.17"]
[Round "2"]
[White "Marchadour, Claire"]
[Black "Leconte, Maria"]
[Result "0-1"]
[WhiteElo "2126"]
[BlackElo "2289"]
[PlyCount "42"]
[EventDate "2000.09.??"]

1. e4 c6 2. d4 d5 3. Nc3 dxe4 4. Nxe4 Nf6 5. Nxf6+ gxf6 6. Bf4 Qb6 7. b3 Bf5 8.
Qd2 e6 9. Nf3 Na6 10. Nh4 Bg6 11. Nxg6 hxg6 12. Bc4 O-O-O 13. Be3 Nb4 14. Qe2
Qc7 15. g3 Nd5 16. a3 Bd6 17. Bd3 e5 18. c4 Nxe3 19. fxe3 exd4 20. e4 Bxg3+ 21.
Kd2 Bxh2 0-1

[Event "Wch FRA"]
[Site "Vichy"]
[Date "2000.08.17"]
[Round "2"]
[White "Roumegous, Marina"]
[Black "Milliet, Sophie"]
[Result "1-0"]
[WhiteElo "2211"]
[BlackElo "2131"]
[PlyCount "147"]
[EventDate "2000.09.??"]

1. d4 g6 2. c4 Bg7 3. Nc3 d6 4. e4 Nd7 5. Nf3 e5 6. Be2 f6 7. Be3 Nh6 8. h3 Nf7
9. d5 O-O 10. Qd2 a6 11. Rc1 f5 12. g3 h6 13. b4 Qe7 14. a4 Nf6 15. a5 Nxe4 16.
Nxe4 fxe4 17. Nh4 Qf6 18. c5 Ng5 19. Bg4 Bxg4 20. hxg4 Rf7 21. c6 bxc6 22. Rxc6
Nh7 23. Qe2 Rb8 24. Qc4 h5 25. Qxe4 Ng5 26. Qxg6 Qxg6 27. Nxg6 Nf3+ 28. Kf1
hxg4 29. Rxa6 Bf6 30. Rc6 Rxb4 31. a6 Ra4 32. Kg2 Bg5 33. Bxg5 Nxg5 34. Rhc1
Ne4 35. R1c2 Nc5 36. Nxe5 Rf5 37. Ng6 Rg5 38. Ne7+ Kf8 39. Rxc7 Nxa6 40. Ra7
Nc5 41. Rxa4 Nxa4 42. Nc8 Nc5 43. Nxd6 Rxd5 44. Nc4 Rd4 45. Ne5 Ne6 46. Rc4 Rd2
47. Nxg4 Kg7 48. Ne3 Kf6 49. Rc2 Rd4 50. Kf3 Ng5+ 51. Ke2 Ra4 52. f4 Ne6 53.
Rc4 Ra2+ 54. Kf3 Ra3 55. g4 Ra5 56. Rb4 Ra3 57. Rb6 Kf7 58. g5 Ra4 59. Ng2 Rc4
60. Rb7+ Kf8 61. Kg4 Ra4 62. Kf5 Ra6 63. Nh4 Ng7+ 64. Kg4 Ra1 65. Nf3 Ra2 66.
Ne5 Rg2+ 67. Kf3 Rg1 68. g6 Rf1+ 69. Kg4 Rg1+ 70. Kh3 Rf1 71. Rf7+ Kg8 72. Ng4
Nh5 73. Nh6+ Kh8 74. Rh7# 1-0

[Event "Wch FRA"]
[Site "Vichy"]
[Date "2000.08.18"]
[Round "3"]
[White "Te-Lallemand, Rosa"]
[Black "Roumegous, Marina"]
[Result "1-0"]
[WhiteElo "2289"]
[BlackElo "2211"]
[PlyCount "41"]
[EventDate "2000.09.??"]

1. e4 e6 2. d4 d5 3. Nc3 dxe4 4. Nxe4 Nd7 5. Nf3 Ngf6 6. Nxf6+ Nxf6 7. Bd3 c5
8. dxc5 Bxc5 9. O-O O-O 10. Bg5 Be7 11. Qe2 g6 12. Ne5 Qc7 13. Rfe1 Nd5 14. Bh6
Rd8 15. c4 Nb4 16. Rad1 Nxd3 17. Rxd3 Rxd3 18. Qxd3 a5 19. Rd1 Ra6 20. c5 f5
21. Qe3 1-0

[Event "Wch FRA"]
[Site "Vichy"]
[Date "2000.08.18"]
[Round "3"]
[White "Flear, Christine"]
[Black "Muller, Anne"]
[Result "1/2-1/2"]
[WhiteElo "2230"]
[BlackElo "2135"]
[PlyCount "40"]
[EventDate "2000.09.??"]

1. c4 e5 2. Nc3 Nf6 3. g3 d5 4. cxd5 Nxd5 5. Bg2 Nb6 6. d3 Be7 7. Nf3 Nc6 8.
O-O O-O 9. Be3 Re8 10. Rc1 Bf8 11. Ne4 Nd4 12. Nc5 Nd7 13. Nxd7 Nxf3+ 14. Bxf3
Qxd7 15. Qc2 c6 16. Bc5 Bxc5 17. Qxc5 Qe7 18. b4 Bh3 19. Rfe1 a5 20. bxa5 Qc7
1/2-1/2

[Event "Wch FRA"]
[Site "Vichy"]
[Date "2000.08.18"]
[Round "3"]
[White "Dubois, Martine"]
[Black "Marchadour, Claire"]
[Result "0-1"]
[WhiteElo "2084"]
[BlackElo "2126"]
[PlyCount "66"]
[EventDate "2000.09.??"]

1. e4 c5 2. c3 d5 3. exd5 Qxd5 4. d4 Nf6 5. Nf3 Bg4 6. Be2 Nc6 7. h3 Bh5 8. c4
Qd6 9. d5 Bxf3 10. Bxf3 Qe5+ 11. Be3 Nd4 12. Nc3 Nf5 13. Qa4+ Nd7 14. O-O-O
Nxe3 15. fxe3 g6 16. Kb1 Bg7 17. h4 b5 18. cxb5 O-O 19. Qf4 Rab8 20. Be2 a6 21.
a4 axb5 22. axb5 Nb6 23. h5 Qxf4 24. exf4 Rfd8 25. hxg6 hxg6 26. Rh3 Bxc3 27.
Rxc3 Rxd5 28. Rxd5 Nxd5 29. Rxc5 Nxf4 30. Bf1 Ne6 31. Re5 Kg7 32. Rd5 32... Kf6
{ } 33. Rc5 $4 33... Nxc5 0-1

[Event "Wch FRA"]
[Site "Vichy"]
[Date "2000.08.18"]
[Round "3"]
[White "Dacalor, Aurelie"]
[Black "Costagliola, Marina"]
[Result "0-1"]
[WhiteElo "2126"]
[BlackElo "2236"]
[PlyCount "126"]
[EventDate "2000.09.??"]

1. d4 f5 2. g3 e6 3. c4 Nf6 4. Nc3 Bb4 5. a3 Bxc3+ 6. bxc3 O-O 7. Bg2 d6 8. Rb1
c6 9. Nf3 Qe7 10. O-O e5 11. c5 e4 12. cxd6 Qxd6 13. Ne5 Nbd7 14. Nc4 Qe6 15.
Qb3 b6 16. Nd6 Nd5 17. Nxc8 Raxc8 18. c4 N5f6 19. Rd1 Rfd8 20. a4 Qf7 21. Ba3
Kh8 22. Rdc1 Re8 23. Rc3 Qh5 24. Re1 h6 25. Bc1 Qf7 26. Qc2 Nf8 27. Rd1 Ne6 28.
f3 c5 29. d5 Nd4 30. Qb2 Qh5 31. Rf1 exf3 32. Bxf3 Ng4 33. h4 Qg6 34. Re1 Ne5
35. Kf2 Nexf3 36. Rxf3 Nxf3 37. Kxf3 Qg4+ 38. Kf2 Qxc4 39. Bxh6 Rc7 40. d6 Rd7
41. Bf4 Qxa4 42. e3 c4 43. h5 Qc6 44. Qb1 Re4 45. Rh1 Kh7 46. g4 Qc5 47. Kf3
Rxd6 48. gxf5 Rd3 49. Qg1 Kg8 50. h6 Re7 51. Rh5 Qd5+ 52. Kg4 Rd1 53. Qh2 c3
54. f6 Qe6+ 55. Kf3 gxf6 56. Qg3+ Kh8 57. Qg6 Rf1+ 58. Kg2 { } 58... Rxf4 59.
exf4 Qe2+ 60. Kh1 Qd1+ 61. Kg2 Re2+ 62. Kh3 Qh1+ 63. Kg4 Rg2+ 0-1

[Event "Wch FRA"]
[Site "Vichy"]
[Date "2000.08.19"]
[Round "4"]
[White "Sebag, Marie"]
[Black "Dubois, Martine"]
[Result "1-0"]
[WhiteElo "2227"]
[BlackElo "2084"]
[PlyCount "99"]
[EventDate "2000.09.??"]

1. e4 d5 2. exd5 Nf6 3. Bb5+ Bd7 4. Bc4 Bg4 5. f3 Bc8 6. Nc3 Nbd7 7. Nge2 Nb6
8. Bb3 Nbxd5 9. Nxd5 Nxd5 10. d4 e6 11. O-O a5 12. c4 Nb6 13. Nc3 Bb4 14. c5
Bxc3 15. bxc3 Nd7 16. Qe1 a4 17. Bc2 c6 18. Qg3 g6 19. Re1 Nf8 20. Bf4 f6 21.
Bd6 Kf7 22. c4 g5 23. f4 gxf4 24. Qxf4 Ng6 25. Qh6 f5 26. Rad1 Qh4 27. Qxh4
Nxh4 28. d5 Rg8 29. Bg3 Rg4 30. Bd3 Ng6 31. Be2 Rg5 32. dxc6 bxc6 33. Rd8 f4
34. Bf2 e5 35. Bf3 Bg4 36. Rxa8 Bxf3 37. Ra7+ Kf6 38. g3 e4 39. Bd4+ Kf5 40.
Kf2 Kg4 41. gxf4 Rh5 42. Rg1+ Kh3 43. Rg5 Rh4 44. Be5 (44. Bf6 Rh6 45. f5 $18 {
Fritz}) 44... Kxh2 45. Bd6 Kh3 46. Rg3+ Kh2 47. f5 Nf4 48. Rxf3 exf3 49. Kxf3
Rh3+ 50. Kxf4 1-0

[Event "Wch FRA"]
[Site "Vichy"]
[Date "2000.08.19"]
[Round "4"]
[White "Costagliola, Marina"]
[Black "Milliet, Sophie"]
[Result "1-0"]
[WhiteElo "2236"]
[BlackElo "2131"]
[PlyCount "57"]
[EventDate "2000.09.??"]

1. e4 e5 2. Bc4 Nf6 3. d3 Nc6 4. c3 Bc5 5. Nf3 d6 6. O-O a6 7. d4 Ba7 8. dxe5
dxe5 9. Qe2 O-O 10. Nbd2 Qe7 11. Bd3 Nh5 12. g3 Bh3 13. Re1 Qf6 14. Nf1 h6 15.
Be3 Bxe3 16. Nxe3 Ne7 17. Kh1 c6 18. Ng1 Nf4 19. gxf4 exf4 20. Nxh3 fxe3 21.
Qxe3 Rfe8 22. Qg3 Ng6 23. f4 Rad8 24. e5 Qh4 25. Bxg6 Qxg3 26. hxg3 fxg6 27.
Rad1 Kf7 28. Kg2 b5 29. Kf3 1-0

[Event "Wch FRA"]
[Site "Vichy"]
[Date "2000.08.19"]
[Round "4"]
[White "Roumegous, Marina"]
[Black "Bonnafous, Nathalie"]
[Result "0-1"]
[WhiteElo "2211"]
[BlackElo "2035"]
[PlyCount "68"]
[EventDate "2000.09.??"]

1. d4 g6 2. c4 Bg7 3. Nc3 d6 4. e4 Nd7 5. f4 e5 6. fxe5 dxe5 7. d5 Ne7 8. Nf3
O-O 9. Be2 f5 10. Be3 b6 11. b4 Nf6 12. Nd2 a5 13. a3 axb4 14. axb4 Rxa1 15.
Qxa1 Nxe4 16. Ndxe4 fxe4 17. g4 Kh8 18. Nxe4 b5 19. Ng5 bxc4 20. Ne6 Qxd5 21.
Nxf8 Qxh1+ 22. Bf1 Qe4 23. Kf2 Bxf8 24. Bg2 Qc2+ 25. Kg1 c3 26. Qa5 Qd1+ 27.
Kf2 Qd6 28. b5 c2 29. Qc3 Nd5 30. Bxd5 Qxd5 31. b6 Bb7 32. bxc7 Qf3+ 33. Ke1
c1=Q+ 34. Qxc1 Bb4+ 0-1

[Event "Wch FRA"]
[Site "Vichy"]
[Date "2000.08.19"]
[Round "4"]
[White "Muller, Anne"]
[Black "Leconte, Maria"]
[Result "1-0"]
[WhiteElo "2135"]
[BlackElo "2289"]
[PlyCount "83"]
[EventDate "2000.09.??"]

1. e4 c6 2. Nc3 d5 3. Nf3 g6 4. d4 Bg7 5. h3 Nh6 6. Bd3 f6 7. O-O Nf7 8. Re1
O-O 9. Bf1 Na6 10. exd5 cxd5 11. Bf4 Nb4 12. a3 Nc6 13. Bh2 a6 14. Qd2 b5 15.
Rad1 Ra7 16. Na2 e5 17. dxe5 fxe5 18. Nb4 Nxb4 19. Qxb4 Re8 20. a4 bxa4 21.
Qxa4 Bd7 22. Qa3 e4 23. Nd4 Qb6 24. c3 a5 25. Qa2 Qb7 26. Bf4 a4 27. c4 Qb4 28.
Bd2 Qb8 29. Be3 Rb7 30. Rd2 Kh8 31. cxd5 Ne5 32. Ne6 Bf6 33. Nc5 Rb4 34. Nxd7
Nxd7 35. d6 Kg7 36. Red1 Rf8 37. Qe6 Qb7 38. Rc2 Bd8 39. Rdc1 Rf7 40. Bc4 Rxc4
41. Rxc4 41... Bb6 { } 42. Bh6+ 1-0

[Event "Wch FRA"]
[Site "Vichy"]
[Date "2000.08.19"]
[Round "4"]
[White "Te-Lallemand, Rosa"]
[Black "Flear, Christine"]
[Result "1/2-1/2"]
[WhiteElo "2289"]
[BlackElo "2230"]
[PlyCount "135"]
[EventDate "2000.09.??"]

1. e4 c5 2. Nf3 Nc6 3. d4 cxd4 4. Nxd4 Qc7 5. Nc3 e6 6. Be2 a6 7. O-O Nf6 8.
Kh1 Nxd4 9. Qxd4 Bc5 10. Qd3 b5 11. f4 Bb7 12. Bf3 h5 13. e5 Ng4 14. Bxb7 Qxb7
15. Ne4 Be7 16. Be3 Rc8 17. Bf2 Nh6 18. Rae1 Nf5 19. c3 h4 20. h3 O-O 21. Qf3
d5 22. exd6 Nxd6 23. Bd4 Qc6 24. Qg4 Nf5 25. Bf6 Qb7 26. Kh2 Rfd8 27. Rf3 Rc4
28. Bxe7 Qxe7 29. Ng5 g6 30. Re5 Kg7 31. Rf2 Qa7 32. Qe2 Ng3 33. Qe1 Rd1 34.
Qxd1 Qxf2 35. Nxe6+ fxe6 36. Qd7+ Kh6 37. Qd8 Nf1+ 38. Kh1 Ng3+ 39. Kh2 Qa7 40.
Qxh4+ Nh5 41. Qg5+ Kh7 42. Rxe6 Ng7 43. Qxg6+ Kh8 44. Rxa6 Qb7 45. Rd6 Rc8 46.
Qd3 Rf8 47. Rd7 Qb6 48. Qg3 Qf6 49. Rd5 b4 50. cxb4 Qxb2 51. Rg5 Rf7 52. a3 Ra7
53. Qh4+ Kg8 54. Rd5 Qxa3 55. f5 Qc1 56. Qg3 Ra6 57. Rd8+ Kh7 58. Rd7 Qh6 59.
b5 Rf6 60. Qg4 Rb6 61. Rd8 Rxb5 62. Qc4 Rxf5 63. Qg8+ Kg6 64. Rd6+ Rf6 65. Rd4
Rf4 66. Rd6+ Rf6 67. Rd3 Rf5 68. Rd6+ 1/2-1/2

[Event "Wch FRA"]
[Site "Vichy"]
[Date "2000.08.20"]
[Round "5"]
[White "Milliet, Sophie"]
[Black "Marchadour, Claire"]
[Result "1-0"]
[WhiteElo "2131"]
[BlackElo "2126"]
[PlyCount "33"]
[EventDate "2000.09.??"]

1. e4 c5 2. f4 Nc6 3. Nf3 g6 4. Bb5 Nd4 5. Bd3 Bg7 6. c3 Nc6 7. O-O e6 8. Bb5
Qb6 9. Bxc6 c4+ 10. Kh1 bxc6 11. b3 cxb3 12. axb3 Ne7 13. Ba3 c5 14. d4 cxd4
15. cxd4 d6 16. Nbd2 16... Bxd4 $4 { } 17. Nc4 1-0

[Event "Wch FRA"]
[Site "Vichy"]
[Date "2000.08.20"]
[Round "5"]
[White "Leconte, Maria"]
[Black "Te-Lallemand, Rosa"]
[Result "1-0"]
[WhiteElo "2289"]
[BlackElo "2289"]
[PlyCount "51"]
[EventDate "2000.09.??"]

1. e4 c5 2. Nf3 Nc6 3. d4 cxd4 4. Nxd4 Qc7 5. Nc3 e6 6. g3 a6 7. Bg2 Nf6 8. O-O
Bb4 9. Nde2 b5 10. Bf4 Qb6 11. e5 Ng8 12. Ne4 Bb7 13. Be3 Qc7 14. Bc5 Bxc5 15.
Nxc5 Nh6 16. Qd6 Qxd6 17. exd6 O-O-O 18. Rfd1 Nf5 19. b4 h5 20. a4 bxa4 21. Nc3
e5 22. N3xa4 Rh6 23. Nb6+ Kb8 24. Nbxd7+ Kc8 25. Nxb7 Kxb7 26. Nc5+ 1-0

[Event "Wch FRA"]
[Site "Vichy"]
[Date "2000.08.20"]
[Round "5"]
[White "Bonnafous, Nathalie"]
[Black "Costagliola, Marina"]
[Result "0-1"]
[WhiteElo "2035"]
[BlackElo "2236"]
[PlyCount "110"]
[EventDate "2000.09.??"]

1. Nf3 f5 2. g3 Nf6 3. Bg2 e6 4. O-O Be7 5. d3 O-O 6. c4 d6 7. Nc3 a5 8. a3 Kh8
9. Rb1 e5 10. e4 fxe4 11. dxe4 Bg4 12. h3 Bh5 13. Qd3 Nbd7 14. b4 axb4 15. axb4
Qe8 16. Ng5 Bd8 17. f4 h6 18. Nf3 exf4 19. gxf4 Bg6 20. f5 Bf7 21. Bf4 Nh5 22.
Bh2 Bf6 23. Nd5 Bd8 24. Rbe1 Ne5 25. Qc3 Nxf3+ 26. Rxf3 Bxd5 27. cxd5 Nf6 28.
Rd3 Ra2 29. e5 dxe5 30. Bxe5 Qa4 31. Rg3 Rc2 32. Qd4 Qb5 33. Rc3 Rxc3 34. Qxc3
Ne8 35. Qe3 Bg5 36. Bf4 Qxb4 37. Bxg5 hxg5 38. Rf1 Nf6 39. Qxg5 Qd4+ 40. Kh1
Nxd5 41. f6 Nxf6 42. Bxb7 Rb8 43. Rg1 Qd7 44. Qh4+ Kg8 45. Bg2 Qe6 46. Re1 Qb3
47. Qf4 c5 48. Qc7 Qb6 49. Qg3 Qd8 50. h4 Rb4 51. Qg5 Qd4 52. Qc1 Qxh4+ 53. Kg1
Qd4+ 54. Kh1 Qf2 55. Rd1 Rh4+ 0-1

[Event "Wch FRA"]
[Site "Vichy"]
[Date "2000.08.20"]
[Round "5"]
[White "Flear, Christine"]
[Black "Roumegous, Marina"]
[Result "1-0"]
[WhiteElo "2230"]
[BlackElo "2211"]
[PlyCount "129"]
[EventDate "2000.09.??"]

1. d4 Nf6 2. c4 e6 3. Nf3 b6 4. e3 Bb7 5. Bd3 Be7 6. O-O O-O 7. Nc3 d5 8. b3
Nbd7 9. Bb2 c5 10. Qe2 cxd4 11. exd4 Rc8 12. Rac1 Re8 13. Rfd1 dxc4 14. bxc4
Qc7 15. Ne5 Nxe5 16. dxe5 Qc6 17. f3 Nd7 18. Nb5 Nc5 19. Nxa7 Qa4 20. Nxc8 Rxc8
21. Bc2 Qa6 22. Bd4 g6 23. Bb3 Bc6 24. Kh1 Qb7 25. Bf2 Ra8 26. Rd4 Ra3 27. Rb1
Qa8 28. h4 h5 29. Rd2 Qb7 30. Kh2 Kg7 31. Bd1 Qc7 32. Bg3 Qa7 33. Bb3 Qb7 34.
Qf2 Qc7 35. Qd4 Ra5 36. Re2 Ra8 37. Rd1 Ra3 38. Rb1 Ra8 39. Rd1 Ra3 40. Qb2 Qa7
41. Bf2 Qa8 42. Rd6 Ra5 43. Red2 Qb7 44. Bc2 Bxd6 45. exd6+ f6 46. Bxc5 Rxc5
47. Qd4 Qd7 48. Qd3 f5 49. f4 Kf7 50. Qd4 Qd8 51. Kh3 Bd7 52. Re2 Qb8 53. Bb3
Rc6 54. Rd2 Rc5 55. Bd1 Qc8 56. Be2 Qf8 57. Rb2 Qd8 58. Bf3 Kg8 59. Rb3 Kf7 60.
Ra3 Qe8 61. Ra7 Qd8 62. a4 Ra5 63. Rxa5 bxa5 64. c5 Qc8 65. c6 1-0

[Event "Wch FRA"]
[Site "Vichy"]
[Date "2000.08.21"]
[Round "6"]
[White "Roumegous, Marina"]
[Black "Costagliola, Marina"]
[Result "0-1"]
[WhiteElo "2211"]
[BlackElo "2289"]
[PlyCount "78"]
[EventDate "2000.09.??"]

1. d4 d5 2. Nf3 Nf6 3. Bf4 Bf5 4. e3 e6 5. Nbd2 h6 6. c3 c5 7. Ne5 Nbd7 8. Bb5
a6 9. Nxd7 Nxd7 10. Be2 Be7 11. O-O O-O 12. Re1 Rc8 13. a4 Qb6 14. Ra2 Bd6 15.
Bxd6 Qxd6 16. Bf3 cxd4 17. exd4 Rc7 18. Be2 Qf4 19. Nf1 Rfc8 20. Ne3 Bg6 21. g3
Qd6 22. Ng2 Qb6 23. Nf4 Bf5 24. Bf1 Qd6 25. a5 Nf6 26. Ra4 g5 27. Nd3 Kg7 28.
Nc5 Ne4 29. Nxe4 Bxe4 30. Rb4 Bf5 31. Qb3 Qd7 32. Rb6 Re8 33. Ra1 Re7 34. Qb4
Qc8 35. Rc1 Be4 36. Be2 Qd7 37. Re1 Bc2 38. b3 Bg6 39. Rd1 39... h5 {tombe} 0-1

[Event "Wch FRA"]
[Site "Vichy"]
[Date "2000.08.23"]
[Round "7"]
[White "Leconte, Maria"]
[Black "Roumegous, Marina"]
[Result "0-1"]
[WhiteElo "2289"]
[BlackElo "2211"]
[PlyCount "123"]
[EventDate "2000.09.??"]

1. e4 c6 2. d4 d5 3. Nc3 dxe4 4. Nxe4 Nf6 5. Nxf6+ exf6 6. c3 Bd6 7. Bd3 Qc7 8.
Ne2 Bg4 9. h3 Be6 10. O-O O-O 11. c4 c5 12. Qc2 h6 13. dxc5 Bxc5 14. Bf4 Qc8
15. a3 a5 16. b4 Be7 17. Nd4 axb4 18. Nxe6 fxe6 19. axb4 Rxa1 20. Rxa1 Nc6 21.
Bh7+ Kh8 22. Qg6 Qe8 23. Qxe8 Rxe8 24. Bg6 Rc8 25. b5 Nd4 26. Be3 Bc5 27. Be4
Rb8 28. Rd1 e5 29. Kf1 Kg8 30. f4 Kf7 31. Bd5+ Ke7 32. Rd2 Kd6 33. fxe5+ fxe5
34. Rf2 Nxb5 35. Bxc5+ Kxc5 36. Rf7 Nd6 37. Rc7+ Kd4 38. Rd7 Nxc4 39. Bxb7+ Ke3
40. Rxg7 e4 41. Kg1 Nd6 42. Bc6 Rb6 43. Ba8 Kd2 44. Rg6 e3 45. Bf3 Nc4 46. Rxb6
Nxb6 47. Kf1 Nc4 48. h4 Ne5 49. Be2 Nc6 50. Bf3 Nd4 51. Bg4 Nf5 52. h5 Ng3+ 53.
Kg1 e2 54. Bxe2 Kxe2 55. Kh2 Kf2 56. Kh3 Ne4 57. Kg4 Kxg2 58. Kf5 Nf2 59. Kg6
Ng4 60. Kg7 Kg3 61. Kf7 Kf4 62. Kg6 0-1

[Event "Wch FRA"]
[Site "Vichy"]
[Date "2000.08.23"]
[Round "7"]
[White "Dacalor, Aurelie"]
[Black "Te-Lallemand, Rosa"]
[Result "1/2-1/2"]
[WhiteElo "2126"]
[BlackElo "2289"]
[PlyCount "104"]
[EventDate "2000.09.??"]

1. d4 Nf6 2. c4 e5 3. dxe5 Ng4 4. Bf4 Bb4+ 5. Nd2 Nc6 6. a3 Bxd2+ 7. Qxd2 Ngxe5
8. e3 d6 9. Rc1 b6 10. b4 O-O 11. Ne2 Bb7 12. Nc3 Ng6 13. Bg3 a5 14. c5 axb4
15. axb4 bxc5 16. bxc5 dxc5 17. Qxd8 Rfxd8 18. Bxc7 Rd7 19. Bb6 Nce5 20. Bxc5
Nh4 21. e4 Nxg2+ 22. Bxg2 Nd3+ 23. Ke2 Nxc5 24. Rhd1 Rxd1 25. Rxd1 f5 26. f3
Ra3 27. Nd5 Ba6+ 28. Kf2 Nd3+ 29. Kg1 fxe4 30. fxe4 Ne5 31. h3 h6 32. Rc1 Kh7
33. Rc7 Ra1+ 34. Kf2 Ra2+ 35. Kg1 Bd3 36. Re7 Nc6 37. Re8 Nd4 38. h4 g5 39. h5
Ne2+ 40. Kh2 Nf4 41. Nxf4 gxf4 42. Kg1 Kg7 43. Re5 Rb2 44. Ra5 Rb5 45. Ra7+ Kf6
46. Bf3 Ke5 47. Rd7 Bc4 48. Rc7 Kd4 49. Rxc4+ Kxc4 50. Be2+ Kd4 51. Bxb5 Kxe4
52. Kf2 Ke5 1/2-1/2

[Event "Wch FRA"]
[Site "Vichy"]
[Date "2000.08.23"]
[Round "7"]
[White "Costagliola, Marina"]
[Black "Marchadour, Claire"]
[Result "1-0"]
[WhiteElo "2236"]
[BlackElo "2126"]
[PlyCount "89"]
[EventDate "2000.09.??"]

1. e4 c5 2. g3 Nc6 3. Bg2 g6 4. d3 Bg7 5. f4 d6 6. Nd2 e6 7. Ngf3 Nge7 8. O-O
O-O 9. h3 b6 10. g4 f5 11. Nh4 Bb7 12. c3 Qd7 13. Ndf3 Rad8 14. Qe2 Kh8 15. Bd2
b5 16. Rae1 Rfe8 17. Ng5 Ng8 18. Qf2 Nh6 19. Qg3 b4 20. exf5 gxf5 21. gxf5 exf5
22. Bd5 Bf6 23. Kh2 Rxe1 24. Rxe1 Re8 25. Be6 Qg7 26. Nxf5 Nxf5 27. Bxf5 Rxe1
28. Qxe1 Ne7 29. Be6 h6 30. Ne4 bxc3 31. bxc3 Bxe4 32. dxe4 Ng6 33. Qg3 Nf8 34.
Qxg7+ Kxg7 35. Bb3 Nd7 36. Kg3 Nb6 37. Be6 Kf8 38. Kg4 Ke7 39. Bb3 Bg7 40. Kf5
c4 41. Bd1 d5 42. e5 Nd7 43. Bf3 Nb6 44. Be3 Na4 45. Bd4 1-0

[Event "Wch FRA"]
[Site "Vichy"]
[Date "2000.08.23"]
[Round "7"]
[White "Milliet, Sophie"]
[Black "Muller, Anne"]
[Result "1/2-1/2"]
[WhiteElo "2131"]
[BlackElo "2135"]
[PlyCount "60"]
[EventDate "2000.09.??"]

1. e4 c5 2. f4 d5 3. Nc3 dxe4 4. Nxe4 e6 5. Nf3 Nf6 6. Bb5+ Bd7 7. Bxd7+ Nbxd7
8. d3 Be7 9. O-O O-O 10. Qe2 Nd5 11. Ne5 Qc7 12. Ng3 Bd6 13. Nxd7 Qxd7 14. Bd2
f5 15. c4 Nf6 16. Bc3 Rae8 17. Rad1 Qc7 18. Qf3 Kh8 19. Kh1 Rf7 20. d4 cxd4 21.
Bxd4 b6 22. b3 Nd7 23. Qh5 Ref8 24. Ne2 Nf6 25. Qf3 Ne4 26. Nc3 Nxc3 27. Bxc3
e5 28. fxe5 Bxe5 29. Bxe5 Qxe5 30. Rd5 Qb2 1/2-1/2

[Event "Wch FRA"]
[Site "Vichy"]
[Date "2000.08.24"]
[Round "8"]
[White "Roumegous, Marina"]
[Black "Marchadour, Claire"]
[Result "1-0"]
[WhiteElo "2211"]
[BlackElo "2126"]
[PlyCount "79"]
[EventDate "2000.09.??"]

1. d4 Nf6 2. c4 c5 3. d5 b5 4. cxb5 a6 5. b6 d6 6. Nc3 Nbd7 7. a4 Qxb6 8. a5
Qc7 9. e4 g6 10. Nf3 Bg7 11. Be2 O-O 12. O-O Rb8 13. Nd2 Re8 14. Nc4 Nf8 15.
Kh1 Bb7 16. Bf4 Rbd8 17. e5 dxe5 18. Bxe5 Qd7 19. Nb6 Qf5 20. Bc7 Nxd5 21. Bxd8
Rxd8 22. Nbxd5 Bxd5 23. Nxd5 Rxd5 24. Qc1 Rd6 25. Bc4 Bd4 26. Ra3 Qe5 27. Rf3
Rf6 28. Rxf6 Qxf6 29. b3 Bc3 30. Qa3 Bb4 31. Qa4 Kg7 32. f4 Ne6 33. f5 gxf5 34.
Bxa6 Qc3 35. Ra1 f4 36. Bf1 Nc7 37. a6 Qe5 38. a7 Na8 39. Rd1 Bc3 40. Qc6 1-0

[Event "Wch FRA"]
[Site "Vichy"]
[Date "2000.08.24"]
[Round "8"]
[White "Flear, Christine"]
[Black "Dacalor, Aurelie"]
[Result "1/2-1/2"]
[WhiteElo "2230"]
[BlackElo "2126"]
[PlyCount "152"]
[EventDate "2000.09.??"]

1. d4 g6 2. c4 Bg7 3. Nc3 d6 4. g3 c6 5. Bg2 Nd7 6. Nf3 Rb8 7. O-O a6 8. Qc2
Qc7 9. e4 b5 10. cxb5 axb5 11. Bd2 e6 12. e5 dxe5 13. Nxe5 Ne7 14. Nxd7 Qxd7
15. Bf4 Rb6 16. Ne4 O-O 17. Be3 Nf5 18. Rfd1 h6 19. Qd2 Nxe3 20. fxe3 Rd8 21.
Nc5 Qe7 22. Qa5 Qc7 23. Rac1 Re8 24. a4 b4 25. Rc4 Qb8 26. Nd3 Re7 27. Rxc6
Reb7 28. Rdc1 Bd7 29. Rxb6 Rxb6 30. Nc5 Be8 31. Nd3 Qd6 32. Rc8 Rb8 33. Rxb8
Qxb8 34. Nxb4 Bf8 35. Nd3 Qb3 36. Qd2 Qxa4 37. b4 Bb5 38. Nc5 Qa3 39. Kf2 h5
40. Bf1 Bxf1 41. Kxf1 Qa1+ 42. Qe1 Qa2 43. Kg1 Qd5 44. Nd3 Be7 45. Qf2 Kg7 46.
Qd2 h4 47. gxh4 Bxh4 48. Qe2 Bg5 49. Ne1 Qe4 50. Kf2 Bh4+ 51. Kg1 Qb1 52. Kf1
Qxb4 53. Nf3 Qb1+ 54. Kg2 Qe4 55. Kf1 Be7 56. Qf2 g5 57. h3 f5 58. Ke2 Qc2+ 59.
Kf1 Qb1+ 60. Kg2 Qe4 61. Kf1 Kh6 62. Ke2 Qc2+ 63. Kf1 Qb1+ 64. Kg2 Qe4 65. Kf1
Bb4 66. h4 g4 67. Ne5 Kh5 68. Kg1 Be7 69. Nc4 Bxh4 70. Qb2 Bg5 71. Qh2+ Bh4 72.
Qb8 f4 73. Qh8+ Kg5 74. Qg7+ Kh5 75. Qh8+ Kg5 76. Qg7+ Kh5 1/2-1/2